00357cam a2200145ua 45000010005000000080039000050400009000440410008000530820010000611000025000712450056000962600025001523000010001776530024001879963170209n ii |||gr||||Z||||||eng cMAIN aeng a332.4 aSeth, M.L.,eAuthor. aMoney banking and international tradecBy M.L. Seth aAgra:bLNAEP,c1981. a654p. aFinancial economics